01203 a2200169 4500003000500000005001700005010001300022040000900035082001200044100003900056245004700095260004300142300004000185505075100225600003900976650001801015NUST20230130141534.0 a12024756 cNust a920,THE aByron, George Gordon Byron, Baron, aPoetical works of Lord Byron /cLord Byron aNew York,bThe Clover press, incc1912 ax, 924 p.;b front. (port.)c 21 cm aPoems, Original and Translated (Page-1), Dear to Him (Page-2), To-E- (Page-3), Founded on Facts (Page-4), Marsus (Page-50, K.T.A. (page-60, To M.S.G (Page-7), To The Same (Page-8), The First Kiss of Love (Page-90, The Marriage of Miss Chaworth (Page-11), Hill (Page-12), The Woman (Page-13), Love's Last Adieu (Page-14), To Marion (Page-150, Oscar of Alva A Tale (Page-16), The Tear (Page-27), La chin y Gair (Page--29), Elegy on New stead Abbey (Page-30), To George, Earl Delawarr (Page-44), On Finding A Fan (Page-49), Well Thou Art Happy (Page-53), Lines in the Tranvellers book Orchomenus (Page-59), Farcical Opera (Page-61), Hebrew Melodies (Page-76), Domestic Pieces 1816 (Page-85), Satires (Page-111), The Deformed Transformed (Page-595). aByron, George Gordon Byron, Baron, aLife of Byron